The Amazing Voyage : (Record no. 150126)

MARC details
000 -LEADER
fixed length control field 01079nam a22002537a 4500
005 - DATE AND TIME OF LATEST TRANSACTION
control field 20180223121604.0
010 ## - LCCN (DPL NO)
LC control number B-663897
020 ## - INTERNATIONAL STANDARD BOOK NUMBER
International Standard Book Number 9780545307710
Terms of availability 550.00
035 ## - SYSTEM CONTROL NUMBER
System control number B-663897
037 ## - SOURCE OF ACQUISITION
Stock number dpl
Source of stock number/acquisition PANSY/Ven
082 00 - DEWEY DECIMAL CLASSIFICATION NUMBER
Classification number S
Edition number 22
100 1# - MAIN ENTRY--PERSONAL NAME
Personal name Stilton, Geronimo.
245 14 - TITLE STATEMENT
Title The Amazing Voyage :
Remainder of title the third adventure in the Kingdom of Fantasy /
Statement of responsibility, etc Geronimo Stilton ; [illustrations by Danilo Barozzi ... et al.].
260 ## - PUBLICATION, DISTRIBUTION, ETC. (IMPRINT)
Place of publication, distribution, etc New York :
Name of publisher, distributor, etc Scholastic
Date of publication, distribution, etc 2011
270 ## - ADDRESS
Address 557 Broadway
City New York
Postal code NY 10012
300 ## - PHYSICAL DESCRIPTION
Extent 291p.:
Other physical details col. ill., col. maps ;
Dimensions 20cm(Hb)
520 ## - SUMMARY, ETC.
Summary, etc Geronimo joins the effort to rescue Blossom, Queen of the Fairies, who has been kidnapped by the Queen of the Witches and taken to the Kingdom of Nightmares.
650 #1 - SUBJECT ADDED ENTRY--TOPICAL TERM
Topical term or geographic name as entry element Mice
Form subdivision Fiction.
650 #1 - SUBJECT ADDED ENTRY--TOPICAL TERM
Topical term or geographic name as entry element Fairies
Form subdivision Fiction.
650 #1 - SUBJECT ADDED ENTRY--TOPICAL TERM
Topical term or geographic name as entry element Adventure and adventurers
Form subdivision Fiction.
700 1# - ADDED ENTRY--PERSONAL NAME
Personal name Barozzi, Danilo,
Relator term ill.
942 ## - ADDED ENTRY ELEMENTS (KOHA)
Source of classification or shelving scheme Dewey Decimal Classification
Item type Children Books
Classification part S
Call number suffix STI
Holdings
Withdrawn status Lost status Not for loan Collection code Home library Current library Date acquired Source of acquisition Cost, normal purchase price Full call number Barcode Copy number Cost, replacement price Koha item type
      Fiction Ashok Vihar Ashok Vihar 23/02/2018 PANSY/BL1622/23.02.17/371/15.02.15/01.03.2017 550.00 S STI B-663897 1 550.00 Children Books

© Delhi Public Library
Hit Counter
free hit counter